000 00499nam a2200205Ia 4500
005 20250425161218.0
008 250425s9999 xx 000 0 und d
041 _aspa
082 _a375.6201
245 0 _aINFORMATIVO DE MATERIAS FUNDAMENTALES Y COMPL
250 _a1A ED.
260 _aEcuador
_bESPOL
_c1980
260 _aGUAYAQUIL
300 _a51
650 _aCATALOGO DE MATERIAS
650 _aCURRICULO EDUCACIONAL
650 _aEDUCACION-ESPOL
942 _c01
010 _a15205
999 _c204672
_d204672